=LDR 00000nam 2200000 4500 =001 INLIS000000000019430 =005 20130612114506 =008 ***********************************Ind** =035 ##$$0010-061300000019430 =041 ##$$a Ind =082 ##$$a R.2x0.03 =090 ##$$a R.2x0.03, Sud k =100 ##$$a Sudarsono =245 ##$$a Kamus agama islam, Sudarsono =260 ##$$a 2003 $b Jakarta =300 ##$$a vi, 240 hlm, 21 cm =650 ##$$a Agama Islam-Kamus =850 ##$$a NBPNMAT